| Tag |
First Indicator |
Second Indicator |
Subfields |
| LEADER |
00000nam a2200000Ii 4500 |
| 001 |
in00003604539 |
| 005 |
20160119125531.0 |
| 008 |
160115s2015 dcuadeo b 000 0 eng d |
| 035 |
|
|
|a (OCoLC)ocn934829863
|
| 040 |
|
|
|a VA@
|b eng
|e rda
|c VA@
|d TXA
|
| 020 |
|
|
|a 9780309369350
|
| 020 |
|
|
|a 0309369355
|
| 090 |
|
|
|a TE7
|b .H5 no.2508
|
| 049 |
|
|
|a TXAM
|
| 245 |
0 |
0 |
|a Concrete materials [2015].
|
| 264 |
|
1 |
|a Washington, D.C. :
|b Transportation Research Board,
|c 2015.
|
| 300 |
|
|
|a vii, 110 pages :
|b illustrations, charts, photographs ;
|c 28 cm.
|
| 336 |
|
|
|a text
|b txt
|2 rdacontent
|
| 337 |
|
|
|a unmediated
|b n
|2 rdamedia
|
| 338 |
|
|
|a volume
|b nc
|2 rdacarrier
|
| 490 |
1 |
|
|a Transportation research record,
|x 0361-1981 ;
|v no. 2508
|
| 500 |
|
|
|a "Journal of the Transportation Research Board."
|
| 500 |
|
|
|a "A peer-reviewed publication."
|
| 500 |
|
|
|a Papers reviewed by Standing Committee on Basic Research and Emerging Technologies Related to Concrete, Standing Committee on Properties of Concrete, Standing Committee on Durability of Concrete, and the Standing Committee on Concrete Materials and Placement Techniques.
|
| 504 |
|
|
|a Includes bibliographical references.
|
| 505 |
0 |
|
|a Development of innovative antifreeze grout mortar for anchor applications in cold regions / Chuang Lin, Jenny Liu, and Xiong Zhang -- Interlaboratory study and precision statement for AASHTO T 336 Test Method / Jagan M. Gudimettla, Gary L. Crawford, Jussara Tanesi, Ahmad A. Ardani -- Flexural behavior of high-volume fly ash concrete beams: experimental study / Mahdi Arezoumandi, Carlos A. Ortega, and Jeffery S. Volz -- Assessing performance of glow-in-the-dark concrete / Andrew Wiese, Taylor Washington, Bernard Tao, and W. Jason Weiss -- Laboratory fatigue and toughness evaluation of fiber-reinforced concrete / Matthew Mulheron, John T. Kevern, and Tyson D. Rupnow -- Conventional Portland cement and carbonated calcium silicate-based cement systems: performance during freezing and thawing in presence of calcium chloride deicing salts / Chiara Villani, Yaghoob Farnam, Taylor Washington, Jitendra Jain, and W. Jason Weiss -- Pavement concrete with air-cooled blast furnace slag and dolomite as coarse aggregates: effects of deicers and freeze-thaw cycles / Kho Pin Verian, Parth Panchmatia, Jan Olek, and Tommy Nantung -- Mitigating alkali-silica reaction in concrete: effectiveness of ground glass powder from recycled glass / Kaveh Afshinnia and Prasada Rao Rangaraju -- Evaluation of recycled concrete as aggregates in new concrete pavements / Haifang Wen, David I. McLean, and Kim Willoughby -- Recent Virginia Department of Transportation applications with self-consolidating concrete / H. Celik Ozyildirim and Gail M. Moruza -- Effect of sand content on properties of self-consolidating, high-performance cementitious mortar / Zhengqi Li and Prasada Rao Rangaraju -- Accelerated slab replacement using self-consolidating concrete / Jamshid Armaghani, Kamal Tawfiq, Steven Squillacote, and Michael Bergin -- Numerical prediction model for temperature development in mass concrete structures / Tahsin Alper Yikici and Hung-Liang (Roger) Chan.
|
| 650 |
|
0 |
|a Concrete
|x Additives.
|
| 650 |
|
0 |
|a Concrete
|x Testing.
|
| 650 |
|
0 |
|a Self-consolidating concrete.
|
| 650 |
|
0 |
|a Pavements, Concrete.
|
| 710 |
2 |
|
|a National Research Council (U.S.).
|b Transportation Research Board,
|e issuing body.
|
| 710 |
2 |
|
|a National Research Council (U.S.).
|b Transportation Research Board.
|b Standing Committee on Basic Research and Emerging Technologies Related to Concrete,
|e sponsoring body.
|
| 710 |
2 |
|
|a National Research Council (U.S.).
|b Transportation Research Board.
|b Standing Committee on Properties of Concrete,
|e sponsoring body.
|
| 710 |
2 |
|
|a National Research Council (U.S.).
|b Transportation Research Board.
|b Standing Committee on Durability of Concrete,
|e sponsoring body.
|
| 710 |
2 |
|
|a National Research Council (U.S.).
|b Transportation Research Board.
|b Standing Committee on Concrete Materials and Placement Techniques,
|e sponsoring body.
|
| 830 |
|
0 |
|a Transportation research record ;
|v 2508.
|
| 948 |
|
|
|a cataloged
|b h
|c 2016/1/19
|d c
|e ceaton
|f 12:55:17 pm
|
| 994 |
|
|
|a C0
|b TXA
|
| 999 |
f |
f |
|s 40e25780-18c9-369d-a550-50294b9cfff6
|i 45a2fc06-0983-3172-b001-c373bbf7b7d4
|t 0
|
| 952 |
f |
f |
|p normal
|a Texas A&M University
|b College Station
|c Sterling C. Evans Library
|d Evans: Library Stacks
|t 0
|e TE7 .H5 no.2508
|h Library of Congress classification
|i unmediated -- volume
|m A14843326159
|
| 998 |
f |
f |
|a TE7 .H5 no.2508
|t 0
|l Evans: Library Stacks
|